00263 a2200109 4500000002500000020001800025100002400043245002900067250002000096260002000116999001700136 nam a22 7a 4500 a9780323551472 aChabner, Davi-Ellen aThe language of medicine aTwelfth edition bElsevierc2021. c83600d83600